000 00966nam a2200337Ia 4500
001 dia_14
003 CHAP
005 20230927113050.0
008 220117s1990 xx 000 0 und d
010 _a170446
020 _a968-422-747-7
040 _cCHAP
041 _aespa
082 _a671 F45 1990
100 _aFeirer, John L.
_9146953
245 _aMetalistería : arte y ciencia del trabajo con metales /
_c John L. Feirer ; traducción Francisco G. Noriega
250 _a6a ed.
260 _aMéxico :
_b McGraw-Hill,
_c1990
300 _aix, 587 p.
440 _aTécnico vocacional
_9146954
500 _aTítulo original: General metals
503 _aC/e
590 _aTS205 F45 1990
650 _aMetales
_975163
650 _aMetals
_9146955
700 _aNoriega, Francisco G.
_9146956
901 _a671 F45 1990
902 _aM
905 _a5232271990 mx adn 8222123322spa16
942 _cLIBRO
_2ddc
999 _c170446
_d170446